000 00386nam a2200145Ia 4500
008 090124s9999 xx 000 0 und d
082 _b203670
245 _aSTORIES FROM SIKH HISTORY BOOK - VI
250 _a1
260 _bSINGH KARTAR
_c1992
300 _a112
630 _aSTORIES FROM SIKH HISTORY BOOK - VI
730 _aSTORIES FROM SIKH HISTORY BOOK - VI
942 _cBOOK
999 _c185251
_d185251